000
00250nam a22001097a 4500
082
_a
621.3813 KRA'M
100
_a
KRASZEWSKI, A
_9
78196
245
_a
MICROWAVE GAS DISCHARGE DEVICES
260
_a
LONDON
_b
ILIFFE
_c
1967
300
_a
338P
942
_c
BK
999
_c
583358
_d
583358